01320nam a2200337Ia 4500001001200000003000800012006001900020007001500039008004100054010001700095015001900112020001500131020002800146040002100174035002100195050002300216082001600239100002300255245012800278250001200406260006000418300002400478504005100502533015200553650003900705650004900744655002900793710001700822856012600839999001700965ebr10138208CaPaEBRm u cr cn|||||||||050107s2005 ne a sb 001 0 eng d z 2005041012 aGBA5179762bnb z0080454763 z0122496965 (alk. paper) aCaPaEBRcCaPaEBR a(OCoLC)16212990714aQP623b.F37 2005eb04a572.8/82221 aFarrell, Robert E.10aRNA methodologiesh[electronic resource] :ba laboratory guide for isolation and characterization /cRobert E. Farrell, Jr. a3rd ed. aAmsterdam ;aBoston :bElsevier/Academic Press,cc2005. axxv, 767 p. :bill. aIncludes bibliographical references and index. aElectronic reproduction.bPalo Alto, Calif. :cebrary,d2007.nAvailable via World Wide Web.nAccess may be limited to ebrary affiliated libraries. 0aRNAxAnalysisvLaboratory manuals. 0aNucleic acidsxAnalysisvLaboratory manuals. 7aElectronic books.2local2 aebrary, Inc.40uhttp://site.ebrary.com/lib/rucke/Doc?id=10138208zAn electronic book accessible through the World Wide Web; click to view c83054d83054